1298 1944 1762 1986 1039 1790 1693 1980 1918 1192 1101 1040 1781 1238 1790 1867 1959 1553 1114 1079 1623 1684 1454 1104 1441 1268 1532 1589 1962 1699 1165 1839 1376 1845 1930 1644 1793 1869 1992 1619 1271 1976 1195 1115 1392 1908 1379 1683 1138 1245 1451 1621 1216 1491 1463 1640 1998 1537 1180 1350 1466 1131 1004 1601 1341 1211 1735 1036 1322 1159 1639 1519 1416 1829 1709 1169 1437 1020 1113 1585 1468 1247 1629 1155 1813 1736 1115 1086 1310 1126 1094 1193 1596 1975 1836 1164 1356 1507 1697 BCNSPRNW ULIB Ver.6.0+V

เปลี่ยนเป็นภาษาไทย

Change to English
 แสดงรายละเอียดบรรณานุกรม
  กลับหน้าหลัก

Brief Record : Get Marc (ISO 2709) : E-mail record : QR code < ปิดหน้าต่าง
LEADER : 00000nam 2200000uu 4500
001    13399129150
003     ULIB
008    250721s2566||||th 000 0 tha d
020    ^a9786165988735
050  4 ^aT173.8^bม159ก
100 0  ^aมนสิช สิทธิสมบูรณ์.
245 1   ^aการวิจัยและพัฒนานวัตกรรมเพื่อการเปลี่ยนแปลง /^cมนสิช สิทธิสมบูรณ์.
250    ^aพิมพ์ครั้งที่ 1.
260    ^aพิษณุโลก :^bคณะศึกษาศาสตร์ มหาวิทยาลัยนเรศวร,^c2566.
300    ^a245 หน้า :^bภาพประกอบ ;^c26 ซม.
505 0  ^aปฐมบท -- การพัฒนานวัตกรรม -- ขั้นตอนการวิจัยและพัฒนานวัตกรรม -- การศึกษาข้อมูลพื้นฐาน -- กรอบแนวการคิดการวิจัยและพัฒนา -- การสร้างนวัตกรรม -- การทดลองใช้นวัตกรรม -- การประเมินผลนวัตกรรม -- การแก้ไข การปรับปรุง และการเปลี่ยนแปลง -- การเขียนโครงร่างการวิจัยและพัฒนา -- การเขียนรายงานการวิจัยและพัฒนา -- การประเมินผลงานวิจัยและพัฒนา -- ตัวอย่างงานวิจัยและพัฒนา -- เทคนิคการเขียนบทความวิจัยและพัฒนาและกรณีตัวอย่าง
505 0  ^aสารบัญ : ปฐมบท -- การพัฒนานวัตกรรม -- ขั้นตอนการวิจัยและพัฒนานวัตกรรม -- การศึกษาข้อมูลพื้นฐาน -- กรอบแนวการคิดการวิจัยและพัฒนา -- การสร้างนวัตกรรม -- การทดลองใช้นวัตกรรม -- การประเมินผลนวัตกรรม -- การแก้ไข การปรับปรุง และการเปลี่ยนแปลง -- การเขียนโครงร่างการวิจัยและพัฒนา -- การเขียนรายงานการวิจัยและพัฒนา -- การประเมินผลงานวิจัยและพัฒนา -- ตัวอย่างงานวิจัยและพัฒนา -- เทคนิคการเขียนบทความวิจัยและพัฒนาและกรณีตัวอย่าง
505 2  ^aการพัฒนานวัตกรรม -- ขั้นตอนการวิจัยและพัฒนานวัตกรรม -- การศึกษาข้อมูลพื้นฐาน -- กรอบแนวคิดการวิจัยและพัฒนา -- การสร้างนวัตกรรม -- การทดลองใช้นวัตกรรม -- การประเมินผลนวัตกรรม -- การแก้ไข การปรับปรุง และการเปลี่ยนแปลง -- การเขียนโครงร่างการวิจัยและพัฒนา -- การเขียนรายงานการวิจัยและพัฒนา -- การประเมินผลงานการวิจัยและพัฒนา -- ตัวอย่างงานวิจัยและพัฒนา -- เทคนิคการเขียนบทความวิจัยและพัฒนาและกรณีตัวอย่าง
505 2  ^a^tการพัฒนานวัตกรรม -- ขั้นตอนการวิจัยและพัฒนานวัตกรรม -- การศึกษาข้อมูลพื้นฐาน -- กรอบแนวคิดการวิจัยและพัฒนา -- การสร้างนวัตกรรม -- การทดลองใช้นวัตกรรม -- การประเมินผลนวัตกรรม -- การแก้ไข การปรับปรุง และการเปลี่ยนแปลง -- การเขียนโครงร่างการวิจัยและพัฒนา -- การเขียนรายงานการวิจัยและพัฒนา -- การประเมินผลงานการวิจัยและพัฒนา -- ตัวอย่างงานวิจัยและพัฒนา -- เทคนิคการเขียนบทความวิจัยและพัฒนาและกรณีตัวอย่าง.
650  4 ^aการเขียนโครงการวิจัย.
650  4 ^aการศึกษา^xวิจัย
650  4 ^aโครงการวิจัยและพัฒนา.
650  4 ^aนวัตกรรมทางการศึกษา
650  4 ^aนวัตกรรมทางการศึกษา^xวิจัย
650  4 ^aนวัตกรรมทางเทคโนโลยี.
650  4 ^aวิจัย.
650 0   ^aกิจกรรมการเรียนการสอน.
945    ^p350^l0^i30584
945    ^p350^l0^i30585
999    ^aกัณชพร จุลอักษร
รายการนี้ยังไม่มีแท็ก
คุณยังไม่ได้ล็อกอิน คุณสามารถมีกิจกรรมร่วมกับเว็บไซต์ได้ แต่ต้องล็อกอินก่อน ::
  ล็อกอิน

รายการสื่อสารสนเทศ

ลำดับที่ ประเภท เลขเรียก/บาร์โค้ด สถานที่ สถานะ
1. หนังสือสำรอง
หนังสือสำรอง
T173.8 ม159ก ฉ.1 
  Barcode: 30584
ห้องสมุดวิทยาเขตนครสวรรค์
►หนังสือทั่วไป:l:General Books
บนชั้น
2. วิทยาศาสตร์การแพทย์ และสุขภาพ
วิทยาศาสตร์การแพทย์ และสุขภาพ
T173.8 ม159ก ฉ.2 
  Barcode: 30585
ห้องสมุดวิทยาเขตนครสวรรค์
►หนังสือทั่วไป:l:General Books
บนชั้น

รายการใกล้เคียง
    ผู้แต่ง [มนสิช สิทธิสมบูรณ์.]

    หัวเรื่อง [การเขียนโครงการวิจัย.]
    หัวเรื่อง [โครงการวิจัยและพัฒนา.]
    หัวเรื่อง [นวัตกรรมทางการศึกษา]
    หัวเรื่อง [นวัตกรรมทางเทคโนโลยี.]
    หัวเรื่อง [วิจัย.]
    หัวเรื่อง [กิจกรรมการเรียนการสอน.]

BibComment


ยังไม่เคยถูกคอมเมนท์

คอมเมนท์ทรัพยากรรายการนี้
  คอมเมนท์: การวิจัยและพัฒน..


 Copyright 2026. Bcnsprnw @Library